|
|
|
แสดงรายละเอียดบรรณานุกรม |
|
|
Brief Record
: Get Marc (ISO 2709)
: E-mail record
: |
| LEADER : 00000nam 2200000uu 4500 | |||
| 001 13399129198 | |||
| 003 ULIB | |||
| 008 260511s2568||||th 000 0 tha d | |||
| 020 ^a9786165383233 | |||
| 060 1 ^aWA400^bอ152อ | |||
| 100 ^aอนามัย ธีรวิโรจน์ เทศกะทึก | |||
| 245 1 ^aอาชีวอนามัยและความปลอดภัย =^bOccupational Health and Safety /^cอนามัย ธีรวิโรจน์ เทศกะทึก. | |||
| 246 1 ^aOccupational Health and Safety. | |||
| 246 3 ^aOccupationAT health and safety. | |||
| 250 ^aพิมพ์ครั้งที่ 6. | |||
| 260 ^aกรุงเทพฯ :^bโอเดียนสโตร์,^c2568. | |||
| 300 ^a496 หน้า :^bภาพประกอบ ;^c24 ซม. | |||
| 610 2 ^aอาชีวอนามัย. | |||
| 650 4 ^aความปลอดภัย. | |||
| 650 4 ^aความปลอดภัยในการทำงาน. | |||
| 650 4 ^aความปลอดภัยในงานอุตสาหกรรม. | |||
| 650 4 ^aสุขภาพในการทำงาน. | |||
| 650 4 ^aอาชีวอนามัย. | |||
| 999 ^aประนอม เกษจรัล | |||
| คุณยังไม่ได้ล็อกอิน คุณสามารถมีกิจกรรมร่วมกับเว็บไซต์ได้ แต่ต้องล็อกอินก่อน :: |
|
รายการสื่อสารสนเทศ |
| สถานะ | |||||
| 1. | หนังสือสำรอง สถานะ=หนังสือสำรอง | WA400 อ152อ ฉ.1 Barcode: 012123 | ►หนังสือทั่วไป | บนชั้น *เพิ่งรับคืน | |
| 2. | วิทยาศาสตร์การแพทย์ และสุขภาพ | WA400 อ152อ ฉ.2 Barcode: 012124 | ►หนังสือทั่วไป | บนชั้น *เพิ่งรับคืน | |
| 3. | วิทยาศาสตร์การแพทย์ และสุขภาพ | WA400 อ152อ ฉ.3 Barcode: 012125 | ►หนังสือทั่วไป | บนชั้น *เพิ่งรับคืน | |
| 4. | วิทยาศาสตร์การแพทย์ และสุขภาพ | WA400 อ152อ ฉ.4 Barcode: 012126 | ►หนังสือทั่วไป | บนชั้น *เพิ่งรับคืน | |
| 5. | วิทยาศาสตร์การแพทย์ และสุขภาพ | WA400 อ152อ ฉ.5 Barcode: 012127 | ►หนังสือทั่วไป | บนชั้น *เพิ่งรับคืน | |
| รายการใกล้เคียง ผู้แต่ง [อนามัย ธีรวิโรจน์ เทศกะทึก] หัวเรื่อง [อาชีวอนามัย.]
|
BibComment |
| คอมเมนท์ทรัพยากรรายการนี้ |
|
| |
Copyright 2026. Bcnsprnw @Library |
|